00261nam a2200097Ia 4500008004100000041000800041100002500049245003500074260003500109999001900144241105s9999 xx 000 0 und d aeng aKoshti Pooja9182570 aThree Star Hotel At Undri Pune bFinal Year B. Arch, BNCAc2014 c360861d360861